Dacca: history and romance in place names; (Record no. 81483)
[ view plain ]
| 000 -LEADER | |
|---|---|
| fixed length control field | 00830cam a22002411 4500 |
| 001 - CONTROL NUMBER | |
| control field | sa 68006729 |
| 003 - CONTROL NUMBER IDENTIFIER | |
| control field | DLC |
| 005 - DATE AND TIME OF LATEST TRANSACTION | |
| control field | 20260227112518.0 |
| 008 - FIXED-LENGTH DATA ELEMENTS--GENERAL INFORMATION | |
| fixed length control field | 710915s1967 pk ac 00000 eng |
| 010 ## - LIBRARY OF CONGRESS CONTROL NUMBER | |
| LC control number | sa 68006729 //r86 |
| 025 ## - OVERSEAS ACQUISITION NUMBER | |
| Overseas acquisition number | PL480:EP-E-446 |
| 043 ## - GEOGRAPHIC AREA CODE | |
| Geographic area code | a-pk--- |
| 050 0# - LIBRARY OF CONGRESS CALL NUMBER | |
| Classification number | DS486.D155 |
| Item number | H32 |
| 082 ## - DEWEY DECIMAL CLASSIFICATION NUMBER | |
| Classification number | 915.49 |
| 100 10 - MAIN ENTRY--PERSONAL NAME | |
| Personal name | Haider, Azimusshan. |
| 245 10 - TITLE STATEMENT | |
| Title | Dacca: history and romance in place names; |
| Remainder of title | an analytical account of the nomenclature of roads and localities in Dacca, with a discussion of the rationale for their retention or otherwise. |
| 260 0# - PUBLICATION, DISTRIBUTION, ETC. | |
| Place of publication, distribution, etc. | Dacca, |
| Name of publisher, distributor, etc. | Dacca Municipality |
| Date of publication, distribution, etc. | [1967] |
| 300 ## - PHYSICAL DESCRIPTION | |
| Extent | 60 p. |
| Other physical details | illus., ports. |
| Dimensions | 25 cm. |
| 350 ## - PRICE (NR) (BK AM CF MU VM SE) [OBSOLETE] | |
| Price | Rs8 |
| 490 0# - SERIES STATEMENT | |
| Series statement | A Dacca Municipality publication |
| 650 #0 - SUBJECT ADDED ENTRY--TOPICAL TERM | |
| Topical term or geographic name entry element | Names, Geographical |
| Geographic subdivision | Bangladesh |
| -- | Dhaka. |
| 651 #0 - SUBJECT ADDED ENTRY--GEOGRAPHIC NAME | |
| Geographic name | Dhaka (Bangladesh) |
| General subdivision | History. |
No items available.